Geometría diferencial

Guardado en:
Detalles Bibliográficos
Autor principal: Pogorélov, A. V (Autor)
Formato: Libro
Lenguaje:español
Publicado: Moscú Mir 1984
Edición:2a. ed
Materias:
Etiquetas: Agregar Etiqueta
Sin Etiquetas, Sea el primero en etiquetar este registro!

MARC

LEADER 00000nam a2200000 a 4500
001 UCP0826
003 CL-VaPUC
008 990319e19840000ru |||||||||||||||||spa|d
082 0 4 |a 516.36  |b POG  |2 21 
100 0 |a Pogorélov, A. V  |e author  |9 426410 
245 1 0 |a Geometría diferencial 
250 |a 2a. ed 
300 |a 203 p 
942 |c BK 
945 |d 19990319 00:00:00  |a crobeson 
260 |a Moscú  |b Mir  |c 1984 
650 0 |a Geometría diferencial   |9 315147 
650 0 |a Geometría analítica   |9 260062 
650 0 |a Curvas  |9 315148 
650 7 |a SUPERFICIES  |2 CL-VaPUC  |9 265869 
650 7 |a FORMAS CUADRATICAS  |2 CL-VaPUC  |9 270195 
583 |a last modification  |c 20171123 02:37:18  |k Rodrigo Vera 
999 |c 279569  |d 279567 
952 |0 0  |1 0  |4 0  |6 516_360000000000000_POG_1984  |7 0  |8 A  |9 319139  |a BIBMAT  |b BIBMAT  |d 2019-11-20  |i 1330861  |o 516.36 POG 1984  |p 1330861  |r 2025-01-07  |w 2019-11-20  |y BK  |k MAT